Geography Misspellings - Statistics

General Stats
  • This quiz has been taken 581 times
    560 since last reset
  • The average score is 14 of 20
Answer Stats
Hint #1 Hint #2 Hint Hint Answer % Correct
Yangtze Venazuela Mauritania Kuala Lumpur Venezuela
94%
Argentina Shanghai Atacama Antartica Antarctica
90%
Phillippines Suriname Florence Copenhagen Philippines
89%
Algeirs Tegucigalpa Valetta Vanuatu Algiers
84%
Himalayas Zurich Ethiopia Great Britian Great Britain
83%
Luxembourg Bangladesh Hyderabad Papau New Guinea Papua New Guinea
83%
Minneapolis Tuvalu Melborne Winnipeg Melbourne
80%
Equitorial Guinea Mediterranean Buenos Aires Nagasaki Equatorial Guinea
79%
Rekyjavik Tajikistan Guangzhou Mozambique Reykjavik
79%
Belgrade Sarajevo Porto-Novo Marsielle Marseille
75%
Kolkata Hanoi Rio de Janeiro St Petersberg St Petersburg
73%
Antwerp Cote D'iviore Riyadh Helsinki Cote D'ivoire
70%
Vilinus Azerbaijan Guadalajara Indianapolis Vilnius
67%
Luaska Rotterdam Pyongyang Abu Dhabi Lusaka
65%
Scotland Damascus Bloemfontein Phnom Pehn Phnom Penh
60%
Zanzibar Mumbasa Addis Ababa Mauritius Mombasa
52%
Malacca Nicaragua French Guyana Windhoek French Guiana
48%
Tanginyaka Jerusalem St Kitts and Nevis Maracaibo Tanganyika
38%
Monrovia Seychelles Minsk Sri Jayawaradenapura Kotte Sri Jayawardenapura Kotte
29%
Anconcagua Mogadishu Amsterdam Kosciusco Aconcagua
26%
No matching quizzes found
Score Distribution
Percent of People with Each Score
Percentile by Number Answered
Your Score History
You have not taken this quiz since the last reset